F1 Wereldkampioenen - Plotselinge dood - Statistiques

Statistiques générales
  • Ce quiz a été pris 26 fois
  • Le résultat moyen est 28 sur 35
Answers on the Grid
Answers color-coded by a green-red scale on the quiz's grid according to % correct below.
Giuseppe Farina
Juan Manuel Fangio
Alberto Ascari
Mike Hawthorn
Jack Brabham
Phil Hill
Graham Hill
Damon Hill
Ayrton Senna
Sebastian Vettel
Jenson Button
Lando Norris
Max Verstappen
Alain Prost
Nigel Mansell
Jacques Villeneuve
Michael Schumacher
Lewis Hamilton
Nico Rosberg
Jochen Rindt
Niki Lauda
Mario Andretti
Keke Rosberg
Mika Hakkinen
Jim Clark
James Hunt
John Surtees
Denny Hulme
Jackie Stewart
Emerson Fittipaldi
Jody Scheckter
Nelson Piquet
Alan Jones
Kimi Raïkkonen
Fernando Alonso
Oscar Piastri
Felipe Massa
Mark Webber
Carlos Sainz
Ralf Schumacher
Rubens Barrichello
Juan Pablo Montoya
Stirling Moss
Pierre Gasly
René Arnoux
Jacky Ickx
David Coulthard
Adrian Sutil
 
Statistiques - réponses
Réponse % Correct
Sebastian Vettel
94%
Fernando Alonso
88%
Keke Rosberg
88%
Lewis Hamilton
88%
Max Verstappen
88%
Alain Prost
81%
Ayrton Senna
81%
Damon Hill
81%
Emerson Fittipaldi
81%
Graham Hill
81%
Jackie Stewart
81%
Jacques Villeneuve
81%
Jenson Button
81%
Jim Clark
81%
Lando Norris
81%
Mario Andretti
81%
Nelson Piquet
81%
Nico Rosberg
81%
Nigel Mansell
81%
Niki Lauda
81%
Alan Jones
75%
Alberto Ascari
75%
Denny Hulme
75%
Jack Brabham
75%
James Hunt
75%
Jochen Rindt
75%
Jody Scheckter
75%
John Surtees
75%
Juan Manuel Fangio
75%
Michael Schumacher
75%
Mike Hawthorn
75%
Phil Hill
75%
Giuseppe Farina
69%
Kimi Raïkkonen
69%
Mika Hakkinen
69%
Aucun quiz correspondant
Distribution des résultats
% des personnes avec chaque résultat
Percentile par nombre de réponses
Votre historique - résultats
Vous n’avez pas pris ce quiz